000 00738nam a22002177a 4500
999 _c14315
_d14315
003 AR-CdUCM
008 190422b ||||| |||| 00| 0 spa d
040 _aMUNICIPALIDAD PROVINCIAL DEL CUSCO
_cBIBLIOTECA MUNICIPAL DEL CUSCO
082 _a869.56 /
_bV37 / 1976
100 _aVega, Fernán
_933047
245 _aReverso de la sombra poemas en escorzo (1949 - 1963) /
260 _aNueva York :
_bReverso de la sombra,
_c1976.
300 _a33 páginas ;
_c21 cm.
500 _aDonación a la familia nieto.
505 _aContenido : Escorzo -- Vivencia -- Por allí -- Algo -- Vuelo -- Llama ...
650 _aPoemas
_9929
650 _aEscorzo
_933048
650 _aSiglo XX
_98
942 _2ddc
_cLIBROS
945 _arah
_d22/04/2019